Environment Agency reflections on implementation of the Landfill Directive (Record no. 72915)

MARC details
000 -LEADER
fixed length control field 01762cam a2200253 4500
001 - CONTROL NUMBER
control field ABS66857
008 - FIXED-LENGTH DATA ELEMENTS--GENERAL INFORMATION
fixed length control field 030625n2003 000 0 eng u
035 ## - SYSTEM CONTROL NUMBER
System control number (Sirsi) u122732
100 ## - MAIN ENTRY--PERSONAL NAME
Personal name Baxter, D.
245 ## - TITLE STATEMENT
Title Environment Agency reflections on implementation of the Landfill Directive
260 ## - PUBLICATION, DISTRIBUTION, ETC.
Date of publication, distribution, etc. 2003
490 ## - SERIES STATEMENT
Series statement Wastes Management
Volume/sequential designation June 2003, 43-47(3)
520 ## - SUMMARY, ETC.
Summary, etc. Reports on the progress made by the Environment Agency's Landfill Directive project in implementing the Landfill Directive and addresses key industry concerns. Highlights the achievement of meeting the first directive deadline, the submission of site conditioning plans by landfill operators, and outlines Environment Agency efforts to communicate with the industry. Suggests that key industry misconceptions concern the Landfill Directive Regulatory Guidance Notes (LFD RGN) and attempts to clarify the contents of LFD RGNs 3, 6 and 16. In particular, emphasises that the notes simply give the Environment Agency's understanding of landfill legislation and do not set new policy. Identifies the Agency's priorities to ensure that sites are compliant with the Landfill (England and Wales) Regulations 2002 by 31 March 2007, explains proposed changes to waste acceptance procedures and concludes that the Agency will manage re-permitting applications through three strategic planning groups.
590 ## - LOCAL NOTE (RLIN)
Local note ABS
650 ## - SUBJECT ADDED ENTRY--TOPICAL TERM
Topical term or geographic name entry element DIRECTIVE 99/31/EC
650 ## - SUBJECT ADDED ENTRY--TOPICAL TERM
Topical term or geographic name entry element LANDFILL OPERATORS
650 ## - SUBJECT ADDED ENTRY--TOPICAL TERM
Topical term or geographic name entry element LANDFILL DIRECTIVE REGULATORY GUIDANCE NOTES
650 ## - SUBJECT ADDED ENTRY--TOPICAL TERM
Topical term or geographic name entry element ENVIRONMENT AGENCY
650 ## - SUBJECT ADDED ENTRY--TOPICAL TERM
Topical term or geographic name entry element CONDITIONING PLANS
650 ## - SUBJECT ADDED ENTRY--TOPICAL TERM
Topical term or geographic name entry element LANDFILL (ENGLAND AND WALES) REGULATIONS 2002
650 ## - SUBJECT ADDED ENTRY--TOPICAL TERM
Topical term or geographic name entry element LANDFILL SITES
690 ## - LOCAL SUBJECT ADDED ENTRY--TOPICAL TERM (OCLC, RLIN)
Topical term or geographic name as entry element ENVIRONMENTAL AND LAND CONSULTANCY-WASTE MANAGEMENT
942 ## - ADDED ENTRY ELEMENTS (KOHA)
Suppress in OPAC 0
Holdings
Withdrawn status Lost status Source of classification or shelving scheme Damaged status Not for loan Home library Current library Shelving location Date acquired Total Checkouts Full call number Barcode Date last seen Copy number Price effective from Koha item type
    Dewey Decimal Classification     London London Journal article 25/06/2003   ABS66857 122732-1001 06/08/2019 1 06/08/2019 Journal article